THE CAMBRIDGE companion to French music
Guardat en:
| Format: | Llibre |
|---|---|
| Idioma: | anglès |
| Publicat: |
Cambridge University Press
2015
|
| Etiquetes: |
Afegir etiqueta
Sense etiquetes, Sigues el primer a etiquetar aquest registre!
|
MARC
| LEADER | 00000nam a22000007a 4500 | ||
|---|---|---|---|
| 008 | 210707b ||||| |||| 00| 0 eng d | ||
| 022 | |a 9780521701761 | ||
| 245 | |a THE CAMBRIDGE companion to French music |c edited by Simon Trezise |g xix, 417p.;ill. | ||
| 250 | |c TREZISE, Simon | ||
| 260 | |b Cambridge University Press |c 2015 |h Cambridge |i 696431 |i 696432 |l ML270.C14 |m Music France-History and acriticism | ||
| 500 | |a "It includes index and references" | ||
| 942 | |a lcc |c BK |e Kuteyi, M. A |f 7/7/2021 | ||
| 952 | |0 0 |1 0 |2 lcc |4 0 |7 0 |9 2722 |a HOL |b HOL |c LP |d 2021-07-07 |o ML270.C14 |p 2021-6567 |r 2021-07-07 00:00:00 |t 696840 |w 2021-07-07 |y BK | ||
| 952 | |0 0 |1 0 |2 lcc |4 0 |7 0 |9 2723 |a HOL |b ED |c LP |d 2021-07-07 |o ML270.C14 |p 2021-6568 |r 2021-07-07 00:00:00 |t 696841 |w 2021-07-07 |y BK | ||
| 999 | |c 1419 |d 1419 | ||